Analog VLSI and neural systems (Record no. 3567)

000 -LEADER
fixed length control field 00595nam a2200229 a 4500
001 - CONTROL NUMBER
control field 3567
003 - CONTROL NUMBER IDENTIFIER
control field BD-DhUET
008 - FIXED-LENGTH DATA ELEMENTS--GENERAL INFORMATION
fixed length control field 0
020 ## - INTERNATIONAL STANDARD BOOK NUMBER
International Standard Book Number 0201059924
040 ## - CATALOGING SOURCE
Original cataloging agency DLC
Transcribing agency 0
Modifying agency BD-DhUET
050 00 - LIBRARY OF CONGRESS CALL NUMBER
Item number .
082 00 - DEWEY DECIMAL CLASSIFICATION NUMBER
Classification number 623.95
Item number MEA/1989
100 ## - MAIN ENTRY--PERSONAL NAME
Personal name Mead, Carver
245 10 - TITLE STATEMENT
Title Analog VLSI and neural systems
Statement of responsibility, etc. by Carver Mead
250 ## - EDITION STATEMENT
Edition statement 1st ed
260 ## - PUBLICATION, DISTRIBUTION, ETC. (IMPRINT)
Place of publication, distribution, etc. New York
Name of publisher, distributor, etc. Addison-Wesley
Date of publication, distribution, etc. 1989
300 ## - PHYSICAL DESCRIPTION
Extent xxii, 371 p., 8 p. of plates
Other physical details ill. (some col.)
Dimensions 24 cm.
490 1# - SERIES STATEMENT
Series statement Addison-Wesley VLSI systems series
504 ## - BIBLIOGRAPHY, ETC. NOTE
Bibliography, etc Includes bibliographies
650 #0 - SUBJECT ADDED ENTRY--TOPICAL TERM
Topical term or geographic name as entry element Neural computers
942 ## - ADDED ENTRY ELEMENTS (KOHA)
Koha item type General Book
Holdings
Source of classification or shelving scheme Location (home branch) Copy number Koha date last borrowed Date acquired Damaged status Koha normalized classification for sorting Shelving location Price effective from Piece designation (barcode) Koha issues (times borrowed) Lost status Withdrawn status Koha full call number Koha item type Sublocation or collection (holding branch) Koha date last seen Not for loan
 Central Library, BUET12021-09-272014-11-02 623_000000000000000_95MEA1989Circulation section2014-11-02909351  623.95/MEA/1989General BookCentral Library, BUET2021-09-27 
 Central Library, BUET22021-09-272014-11-02 623_000000000000000_95MEA1989Circulation section2014-11-02909441  623.95/MEA/1989General BookCentral Library, BUET2021-09-27 
 Central Library, BUET32021-09-272014-11-02 623_000000000000000_95MEA1989Circulation section2014-11-02909341  623.95/MEA/1989General BookCentral Library, BUET2021-09-27 
 Central Library, BUET42021-09-272014-11-02 623_000000000000000_95MEA1989Circulation section2014-11-02909361  623.95/MEA/1989General BookCentral Library, BUET2021-09-27 
 Central Library, BUET52021-09-272014-11-02 623_000000000000000_95MEA1989Circulation section2014-11-02909421  623.95/MEA/1989General BookCentral Library, BUET2021-09-27 
 Central Library, BUET6 2014-11-02 623_000000000000000_95MEA1989Circulation section2014-11-0290945   623.95/MEA/1989General BookCentral Library, BUET2014-11-02 
 Central Library, BUET72025-10-282014-11-02 623_000000000000000_95MEA1989Circulation section2014-11-029094613  623.95/MEA/1989General BookCentral Library, BUET2025-11-03 
 Central Library, BUET82021-09-272014-11-09 623_000000000000000_95MEA1989Circulation section2014-11-09909431  623.95/MEA/1989General BookCentral Library, BUET2021-09-27 
 Central Library, BUET9 2015-06-27 623_950000000000000_MEA_1989Reading section2015-06-2790932   623.95/MEA/1989Rental ItemCentral Library, BUET2015-06-27 
 Central Library, BUET10 2015-06-27 623_950000000000000_MEA_1989Reading section2015-06-2790933   623.95/MEA/1989Reading ItemCentral Library, BUET2015-06-27